000 00547nam a2200229Ia 4500
003 OSt
005 20230922135851.0
008 210210b1899 xxu||||| |||| 00| 0 eng d
040 _cAL
041 _aeng
082 _a570/28
100 _aHILL (Leonard)
_969327
245 _aManual of human physiology
260 _aLondon
_bEdward Arnold
_c1899
650 _aphysiology
_969328
650 _aof
_969329
650 _aManual
_969330
650 _ahuman
_969331
690 _aHuman Physiology
_969332
906 _a010220
942 _2ddc
_cBK
999 _c137988
_d137988